Global fibre supply model

Guardado en:
Detalles Bibliográficos
Autor principal: Gary Bull
Formato: Libro
Lenguaje:Undetermined
Publicado: Rome FAO 1998
Materias:
Etiquetas: Agregar Etiqueta
Sin Etiquetas, Sea el primero en etiquetar este registro!
Thư viện lưu trữ: Trung tâm Học liệu Trường Đại học Cần Thơ
LEADER 00499nam a2200181Ia 4500
001 CTU_33988
008 210402s9999 xx 000 0 und d
082 |a 676 
082 |b B935 
100 |a Gary Bull 
245 0 |a Global fibre supply model 
245 0 |c Gary Bull, FAO, Robert Scharpenberg, Warren Mabee 
260 |a Rome 
260 |b FAO 
260 |c 1998 
650 |a fibre,pulm 
904 |i Nguyễn Quang Điền, 991118 
980 |a Trung tâm Học liệu Trường Đại học Cần Thơ